000
00216nam a22000977a 4500
999
_c
522091
_d
522091
082
_a
TNC
100
_a
Swami, Sukshmananda
_9
36757
245
_a
Mind The Gap
260
_a
New Delhi
_b
Full Circle
_c
2003
300
_a
146p.